00649cam a2200169Ka 450008200200000010000380002024500820005825000120014026000390015230000230019152600370021465000130025185600650026494200120032999900190034195201190036004a923.193152bWOL1 aWolseley, Garnet Wolseley,94925014aThe life of John Churchill Duke of Marlborough to the accession of Queen Anne a3rd ed. aLondon :bR. Bentley & Son,c1894- a1 online resource. a0b0c0d923_193152000000000_WOL aMCE937940uhttp://catalog.hathitrust.org/api/volumes/oclc/34693781.html 2ddccBK c553214d553214 00102ddc4070aMCEbMCEcArchive Sectiond2015-02-02l0o923.193152 WOLpMCE-ECL /54r2015-02-02w2015-02-02yBK